000 00836pam a2200253 a 4500
001 1088717
005 20231115004613.0
008 920812s1993 cau b 001 0 eng
020 _a0803948026
040 _aDLC
_cDLC
_dDLC
082 0 0 _a305.42/0973
_220
100 1 _aStivers, Camilla.
245 1 0 _aGender images in public administration :
_blegitimacy and the administrative state /
_cCamilla Stivers.
260 _aNewbury Park, Calif. :
_bSage Publications,
_cc1993.
300 _aix, 164 p. ;
650 0 _aWomen in public life
650 0 _aWomen in the civil service
650 0 _aSex role
650 0 _aPublic administration
700 _aStivers Camila
856 4 2 _uhttp://www.loc.gov/catdir/enhancements/fy0655/92032145-d.html
856 4 1 _uhttp://www.loc.gov/catdir/enhancements/fy0655/92032145-t.html
942 _cL
999 _c11
_d11